| 000 | 01273nam a22002777a 4500 | ||
|---|---|---|---|
| 003 | AR-RoUNCS | ||
| 005 | 20260306110322.0 | ||
| 007 | ta | ||
| 008 | 160804s2016 ag r 001 f spa | ||
| 015 | _aAR-2016 | ||
| 020 | _a978-950-46-4910-6 | ||
| 040 |
_aAR-BaBN _bspa _cAR-RoUNCS _eaacr |
||
| 044 |
_aag _car-c |
||
| 080 | 1 |
_a82-312.4(82) _22016 |
|
| 100 | 1 |
_aGarland, Inés, _d1960- _eautora _4aut |
|
| 245 | 1 | 4 |
_aLos ojos de la noche / _cInés Garland. |
| 250 | _a1a ed. | ||
| 260 |
_aCiudad Autónoma de Buenos Aires : _bLoqueleo, _c2016. |
||
| 300 |
_a155 p. ; _c22 cm. |
||
| 490 | 0 | _aRoja | |
| 520 | 3 | _aPara olvidarse de Pablo, Dalila se va de viaje con su hermana y unas amigas a un campamento al sur de la Argentina. Allí se conecta con el paisaje idílico, el silencio y la naturaleza. Pero un día se pierde en el bosque y conoce a Tharo, por quien se siente atraída desde el primer instante. La presencia siniestra del señor Zasiok y su oscuro vínculo con el pasado de Tharo convierten esas vacaciones en una intensa aventura, donde el peligro de la noche está al constante acecho. (Descripción del editor) | |
| 650 | 7 |
_2embne _aLiteratura argentina |
|
| 655 | 7 |
_aNovelas de suspense _2embne |
|
| 655 | 7 |
_aNovelas juveniles _2embne |
|
| 942 |
_2udc _cOG _n0 |
||
| 999 |
_c943 _d943 |
||